Versenyképesség és szervezeti kultúra vizsgálata az észak-alföldi régió önkormányzatainál

Competitiveness is a very important factor for local governments. That’s why my aim is looking for a connection between the organization culture and the competitiveness of the region’s governments. In my research I suppose the quality of governance and the organizational culture of local governments...

Teljes leírás

Elmentve itt :
Bibliográfiai részletek
Szerző: Matkó Andrea Emese
Dokumentumtípus: Cikk
Megjelent: Egyesület Közép-Európa Kutatására Szeged 2016
Sorozat:Taylor : gazdálkodás- és szervezéstudományi folyóirat 8 No. 5
Kulcsszavak:Versenyképesség - vállalati, Észak-Alföld
Tárgyszavak:
Online Access:http://acta.bibl.u-szeged.hu/44313
LEADER 01673nab a2200229 i 4500
001 acta44313
005 20260108141949.0
008 170628s2016 hu o 000 hun d
022 |a 2064-4361 
040 |a SZTE Egyetemi Kiadványok Repozitórium  |b hun 
041 |a hun 
041 |a eng 
100 1 |a Matkó Andrea Emese 
245 1 0 |a Versenyképesség és szervezeti kultúra vizsgálata az észak-alföldi régió önkormányzatainál  |h [elektronikus dokumentum] /  |c  Matkó Andrea Emese 
260 |a Egyesület Közép-Európa Kutatására  |b Szeged  |c 2016 
300 |a 87-97 
490 0 |a Taylor : gazdálkodás- és szervezéstudományi folyóirat  |v 8 No. 5 
520 3 |a Competitiveness is a very important factor for local governments. That’s why my aim is looking for a connection between the organization culture and the competitiveness of the region’s governments. In my research I suppose the quality of governance and the organizational culture of local governments have decisive role in enhancement the region’s competitiveness. I used the GLOBE (Global Leadership and Organisational Behaviour Effectiveness) questionnaire for examination of the organizational culture which was used in the „Competing with the World ‚research program in the Corvinus University of Budapest. Koopman, Den Hartog, Konrad and theirs co-authors (1999) examined the change factors for 21 European countries in business organizations. 
650 4 |a Társadalomtudományok 
650 4 |a Közgazdasági és gazdálkodástudományok 
695 |a Versenyképesség - vállalati, Észak-Alföld 
856 4 0 |u http://acta.bibl.u-szeged.hu/44313/1/vikek_026_087-097.pdf  |z Dokumentum-elérés